000 00537nam a2200181Ia 4500
008 220204s9999 xx 000 0 und d
082 _a577.23
_bBRO
100 _aBRODA, E
245 0 _aEvolution of the bioenergetic processes
260 _aOxford
_bPergamon
_c1978
490 _aPergamon international library of science technology engineering and social studies
650 _aBacterial photosynthesis
650 _aBioenergetics
650 _aChemolithotrophy
650 _aFermentation
650 _aMitochondria
942 _cBK
999 _c34711
_d34711